Loading...
| Literature - World/Other | 0 | 7 | 1 | 0 | 65 | 53 | 93.43 | 2 | 7 | 0.00 | 0.00 |
| Literature - American | 0 | 7 | 1 | 1 | 65 | 37 | 83.43 | 3 | 6 | 0.00 | 0.00 |
| Literature - European | 0 | 6 | 0 | 0 | 60 | 80 | 93.50 | 1 | 3 | 0.00 | 0.00 |
| Literature - British | 0 | 5 | 1 | 0 | 45 | 53 | 88.60 | 1 | 4 | 0.00 | 0.00 |
| Science - Chemistry | 0 | 3 | 1 | 0 | 25 | 47 | 59.33 | 2 | 3 | 0.00 | 0.00 |
| Other Academic | 0 | 2 | 0 | 0 | 20 | 129 | 135.50 | 0 | 0 | 0.00 | 0.00 |
| Social Science | 0 | 1 | 0 | 0 | 10 | 64 | 64.00 | 1 | 1 | 0.00 | 0.00 |
| Philosophy | 0 | 1 | 0 | 0 | 10 | 100 | 100.00 | 1 | 1 | 0.00 | 0.00 |
| Science - Physics | 0 | 1 | 0 | 0 | 10 | 69 | 69.00 | 0 | 0 | 0.00 | 0.00 |
| Mythology | 0 | 1 | 1 | 0 | 5 | 60 | 60.00 | 0 | 1 | 0.00 | 0.00 |
| Fine Arts - Visual | 0 | 0 | 1 | 0 | -5 | 0.00 | 0 | 0 | 0.00 | 0.00 |